<?xml version="1.0" encoding="UTF-8"?>
<record
    xmlns:xsi="http://www.w3.org/2001/XMLSchema-instance"
    xsi:schemaLocation="http://www.loc.gov/MARC21/slim http://www.loc.gov/standards/marcxml/schema/MARC21slim.xsd"
    xmlns="http://www.loc.gov/MARC21/slim">

  <leader>00312nam a22001337a 4500</leader>
  <controlfield tag="005">20230120105235.0</controlfield>
  <controlfield tag="008">230120b        |||||||| |||| 00| 0 eng d</controlfield>
  <datafield tag="040" ind1=" " ind2=" ">
    <subfield code="c">##$aRTC$cRTC</subfield>
  </datafield>
  <datafield tag="082" ind1=" " ind2=" ">
    <subfield code="a">812.5</subfield>
  </datafield>
  <datafield tag="100" ind1=" " ind2=" ">
    <subfield code="a">Arthur Miller</subfield>
  </datafield>
  <datafield tag="245" ind1=" " ind2=" ">
    <subfield code="a">All my sons</subfield>
    <subfield code="c">Arthur Miller</subfield>
  </datafield>
  <datafield tag="260" ind1=" " ind2=" ">
    <subfield code="c">2000</subfield>
  </datafield>
  <datafield tag="942" ind1=" " ind2=" ">
    <subfield code="2">ddc</subfield>
    <subfield code="c">CE TEXBOOK</subfield>
  </datafield>
  <datafield tag="999" ind1=" " ind2=" ">
    <subfield code="c">9232</subfield>
    <subfield code="d">9233</subfield>
  </datafield>
  <datafield tag="952" ind1=" " ind2=" ">
    <subfield code="0">0</subfield>
    <subfield code="1">0</subfield>
    <subfield code="2">ddc</subfield>
    <subfield code="4">0</subfield>
    <subfield code="7">0</subfield>
    <subfield code="8">Binding</subfield>
    <subfield code="a">RTCLIB</subfield>
    <subfield code="b">RTCLIB</subfield>
    <subfield code="c">CE Textbook</subfield>
    <subfield code="d">2023-01-20</subfield>
    <subfield code="h">176072</subfield>
    <subfield code="o">812.5 MIL c.1</subfield>
    <subfield code="p">30017367</subfield>
    <subfield code="r">2023-01-20 00:00:00</subfield>
    <subfield code="w">2023-01-20</subfield>
    <subfield code="y">CE TEXBOOK</subfield>
  </datafield>
  <datafield tag="952" ind1=" " ind2=" ">
    <subfield code="0">0</subfield>
    <subfield code="1">0</subfield>
    <subfield code="2">ddc</subfield>
    <subfield code="4">0</subfield>
    <subfield code="7">0</subfield>
    <subfield code="8">Binding</subfield>
    <subfield code="a">RTCLIB</subfield>
    <subfield code="b">RTCLIB</subfield>
    <subfield code="c">CE Textbook</subfield>
    <subfield code="d">2023-01-20</subfield>
    <subfield code="h">176073</subfield>
    <subfield code="o">812.5 MIL c.2</subfield>
    <subfield code="p">30017359</subfield>
    <subfield code="r">2024-11-08 00:00:00</subfield>
    <subfield code="w">2023-01-20</subfield>
    <subfield code="y">CE TEXBOOK</subfield>
  </datafield>
  <datafield tag="952" ind1=" " ind2=" ">
    <subfield code="0">0</subfield>
    <subfield code="1">0</subfield>
    <subfield code="2">ddc</subfield>
    <subfield code="4">0</subfield>
    <subfield code="7">0</subfield>
    <subfield code="8">Binding</subfield>
    <subfield code="a">RTCLIB</subfield>
    <subfield code="b">RTCLIB</subfield>
    <subfield code="c">CE Textbook</subfield>
    <subfield code="d">2023-01-20</subfield>
    <subfield code="h">176074</subfield>
    <subfield code="o">812.5 MIL c.3</subfield>
    <subfield code="p">30017339</subfield>
    <subfield code="r">2023-01-20 00:00:00</subfield>
    <subfield code="w">2023-01-20</subfield>
    <subfield code="y">CE TEXBOOK</subfield>
  </datafield>
  <datafield tag="952" ind1=" " ind2=" ">
    <subfield code="0">0</subfield>
    <subfield code="1">0</subfield>
    <subfield code="2">ddc</subfield>
    <subfield code="4">0</subfield>
    <subfield code="7">0</subfield>
    <subfield code="8">Binding</subfield>
    <subfield code="a">RTCLIB</subfield>
    <subfield code="b">RTCLIB</subfield>
    <subfield code="c">CE Textbook</subfield>
    <subfield code="d">2023-01-20</subfield>
    <subfield code="h">176075</subfield>
    <subfield code="o">812.5 MIL c.4</subfield>
    <subfield code="p">30017319</subfield>
    <subfield code="r">2023-01-20 00:00:00</subfield>
    <subfield code="w">2023-01-20</subfield>
    <subfield code="y">CE TEXBOOK</subfield>
  </datafield>
  <datafield tag="952" ind1=" " ind2=" ">
    <subfield code="0">0</subfield>
    <subfield code="1">0</subfield>
    <subfield code="2">ddc</subfield>
    <subfield code="4">0</subfield>
    <subfield code="7">0</subfield>
    <subfield code="8">Binding</subfield>
    <subfield code="a">RTCLIB</subfield>
    <subfield code="b">RTCLIB</subfield>
    <subfield code="c">CE Textbook</subfield>
    <subfield code="d">2023-01-20</subfield>
    <subfield code="h">176076</subfield>
    <subfield code="o">812.5 MIL c.5</subfield>
    <subfield code="p">30017299</subfield>
    <subfield code="r">2023-01-20 00:00:00</subfield>
    <subfield code="w">2023-01-20</subfield>
    <subfield code="y">CE TEXBOOK</subfield>
  </datafield>
</record>
